000 00709nam a22002297a 4500
999 _c10650
_d10650
003 AR-CdUCM
008 190401b ||||| |||| 00| 0 spa d
040 _aMUNICIPALIDAD PROVINCIAL DEL CUSCO
_cBIBLIOTECA MUNICIPAL DEL CUSCO
041 _heng
082 _aES / 800 /
_bR47
100 _aRey, Lester del
_927618
245 _aMisión en la Luna /
260 _aBuenos Aires :
_bAcme Agency S. A. C. I. ;
_c1957.
300 _a188 páginas ;
_bIlustraciones
_c20cm
440 _aColección Robin Hood del Espacio
_927619
505 _aContenido: Novela
650 _aNovela
_9572
650 _aLiteratura juvenil
_91580
700 _aVacarezza, Julio
_927620
942 _2ddc
_cLIBROS
945 _anom